| 000 | 00681nam a2200181Ia 4500 | ||
|---|---|---|---|
| 003 | GCL | ||
| 008 | 140319s9999 xx 000 0 ara d | ||
| 040 |
_aGCL / _cGCL |
||
| 082 | 0 | 4 |
_aم _b929.4 _bن ت |
| 100 | 1 | _aالنووى، يحيى بن شرف بن مرى الدمشقى، 1233-1278 م | |
| 245 | 1 | 0 |
_aتهذيب الاسماء واللغات / _cالنووى، يحيى بن شرف بن مرى الدمشقى، 1233-1278 م |
| 260 |
_a[S.N] : _bادارة الطباعة المنيرية |
||
| 300 | _a380 ص | ||
| 490 |
_aشكاوى المصرى الفصيح _v0 |
||
| 650 | 0 | 4 | _aالاسماء العربية |
| 650 | 0 | 4 | _aالرتب والالقاب |
| 942 |
_2ddc _cREF |
||
| 999 |
_c59354 _d59354 |
||